Otoci Hrvatske - Statistics

General Stats
  • This quiz has been taken 743 times
    737 since last reset
  • The average score is 24 of 78
Answers on the Map
Answers color-coded by a green-red scale on the quiz's map according to % correct below.
 
Answer Stats
Otok % Correct
Krk
97%
Hvar
95%
Cres
93%
Brač
91%
Pag
90%
Korčula
88%
Vis
83%
Lošinj
81%
Rab
78%
Mljet
74%
Dugi otok
73%
Lastovo
68%
Kornat
66%
Šolta
63%
Mali Brijun
62%
Veli Brijun
62%
Ugljan
58%
Pašman
55%
Vir
53%
Čiovo
52%
45%
Goli otok
38%
Murter
38%
Silba
38%
Zlarin
37%
Susak
35%
Olib
34%
Ist
33%
Lopud
33%
Biševo
31%
Drvenik Veli
31%
Drvenik Mali
30%
Unije
28%
Molat
25%
Šipan
25%
Žirje
25%
Sveti Andrija / Svetac
21%
Koločep
19%
Premuda
19%
Kaprije
18%
Sestrunj
18%
Ilovik
17%
Žut
17%
Rava
16%
Vrgada
15%
Šćedro
13%
Sušac
13%
Sveti Grgur
12%
Plavnik
10%
Rivanj
10%
Jakljan
9%
Zverinac
9%
Kakan
8%
Maun
8%
Tijat
8%
Vele Srakane
8%
Dolin
7%
Sit
7%
Škarda
7%
Arta Vela
6%
Prvić (Vodice)
6%
Sveti Klement
6%
Zeča
6%
Zmajan
6%
Kurba Vela
5%
Lavdara
5%
Mrčara
5%
Planik
5%
Prežba
5%
Prvić (Baška, Krk)
5%
Smokvica Vela
5%
Tun Veli
5%
Katina
4%
Lavsa
4%
Levrnaka
4%
Piškera
4%
Škrda
4%
Vele Orjule
4%
No matching quizzes found
Score Distribution
Percent of People with Each Score
Percentile by Number Answered
Your Score History
You have not taken this quiz since the last reset